000 00783nam a2200205 4500
999 _c121101
_d121101
001 K121101
007 ta
008 190821b201 ||||| |||| 00| 0 eng d
041 _aeng
100 _aCollins, Paul
245 _aUN sustainable development goals, property and the APC
490 _aEstates Gazette
_v(1929) 20 July 2019, 46-47(2)
520 _aLists and explains the United Nation's (UN) global sustainability goals and its relationship with the APC and property and construction practice. Lists the sustainable principles enshrined in the National Planning Policy Framework 2019.
650 _aUnited Nations
650 _aAPC
650 _aNational Planning Policy Framework 2019
651 _aUnited Kingdom 1973
690 _96271
_aSustainability
942 _2ddc